000 00654nam a2200229Ia 4500
003 OSt
005 20220926021037.0
006 a|||||r|||| 00| 0
007 ta
008 220923b |||||||| |||| 00| 0 eng d
020 _a0422778702
037 _cGeneral Book
040 _aRTL
_cRTL
_beng
041 _2eng
_aeng
082 _aY15:(G), M2/TD
100 _aSayers Janet
_920498
245 0 _aBiological politics
_b Feminist and anti-faminist perspectives
260 _aNew York
_bTavistock publications
_c1982
300 _a235p.
_ccm.
942 _hY15:(G), M2/TD
_cGB
_2CC
999 _c635617
_d635617